=LDR 00000nam 2200000 4500 =001 INLIS000000000049214 =005 20170201163115.0 =006 =007 =008 =020 ##$$a978-979-29-2186-1 =035 ##$$0010-021700000000006 =082 ##$$a813 =100 ##$$aAYUKA SORA =245 ##$$aCINDERELLA'A STEPBROTHER =260 ##$$aYOGYAKARTA : SHEILA =300 ##$$aVI;281 Hlm;18 Cm =650 ##$$afiksi =850 ##$$a NBPNMAT =990 ##$$a21601911